| 000 | 00805nam a22002177a 4500 | ||
|---|---|---|---|
| 001 | BD-DhSAU 10623 | ||
| 003 | BD-DhSAU | ||
| 005 | 20150703101353.0 | ||
| 008 | 150624b2013 bg ||||| |||| 00| 0 ben d | ||
| 020 | _a9849849060123 | ||
| 040 | _aBD-DhSAU | ||
| 082 |
_222 _a... _bমোল্লানি |
||
| 100 | _aমোল্লা, মোঃ নূর ইসলাম | ||
| 245 |
_aনির্বাচিত তিনটি কাব্য / _cমোঃ নূর ইসলাম মোল্লা |
||
| 260 |
_aখুলনা : _bগাঙচিল প্রকাশন , _c২০১৩. |
||
| 300 |
_a১৬০ পৃ। : _c২১ সে মি। |
||
| 590 | _aJerin | ||
| 650 | _aইসলামিক বই | ||
| 650 | _aইসলামিক কাব্য | ||
| 942 |
_2ddc _cBOOK |
||
| 999 |
_c10623 _d10622 |
||